000 00288nam a22000977a 4500
008 170408b xxu||||| |||| 00| 0 eng d
100 _aEnhagen, Carl-Olof
245 _aSport stamps
260 _aNew York
_bArco Publishing Co., Inc.,
_c1961
650 _aTopical Collecting | Sports and Recreation
999 _c2340
_d2340